书目信息 |
| 题名: |
概率与统计
|
|
| 作者: | 汉森 著 ;许岷 译 | |
| 分册: | ||
| 出版信息: | 北京 机械工业出版社 2025.01 |
|
| 页数: | XV, 421页 | |
| 开本: | 24cm | |
| 丛书名: | 现代统计学丛书 | |
| 单 册: | ||
| 中图分类: | O21 | |
| 科图分类: | ||
| 主题词: | 概率论--gai lu^ lun , 数理统计--shu li tong ji | |
| 电子资源: | ||
| ISBN: | 978-7-111-76458-8 | |
| 000 | 01598nam 2200361 450 | |
| 001 | 91837 | |
| 005 | 20250817145454.79 | |
| 010 | @a978-7-111-76458-8@dCNY99.00 | |
| 099 | @aCAL 012025016442 | |
| 100 | @a20250303d2025 em y0chiy50 ea | |
| 101 | 1 | @achi@ceng |
| 102 | @aCN@b110000 | |
| 105 | @aa a 000yy | |
| 106 | @ar | |
| 200 | 1 | @a概率与统计@Agai lu^ yu tong ji@e面向经济学@f(美) 布鲁斯·E. 汉森著@d= Probability and statistics for economists@fBruce E. Hansen@g许岷译@zeng |
| 210 | @a北京@c机械工业出版社@d2025.01 | |
| 215 | @aXV, 421页@c图@d24cm | |
| 225 | 2 | @a现代统计学丛书@Axian dai tong ji xue cong shu |
| 300 | @aCMP BOOKS | |
| 306 | @a本书中文简体字版由Princeton University Press通过Bardon-ChineseMedia Agency授权机械工业出版社在中国大陆地区 (不包括香港、澳门特别行政区及台湾地区) 独家出版发行 | |
| 314 | @a布鲁斯·E.汉森 (Bruce E. Hansen), 威斯康星大学麦迪逊分校Trygve Haavelmo经济学教授, Mary Claire Aschenbrener Phipps杰出主席, 高引的计量经济学家之一。 | |
| 320 | @a有书目 (第419-421页) | |
| 330 | @a本书中涵盖了经济学进阶课程所需的几乎所有核心内容, 可为深入学习计量经济学奠定基础。第1-5章介绍概率论, 第6-18章介绍统计理论, 用到微积分, 但不涉及测度论。 | |
| 410 | 0 | @12001 @a现代统计学丛书 |
| 500 | 10 | @aProbability and statistics for economists@mChinese |
| 517 | 1 | @a面向经济学@Amian xiang jing ji xue |
| 606 | 0 | @a概率论@Agai lu^ lun |
| 606 | 0 | @a数理统计@Ashu li tong ji |
| 690 | @aO21@v5 | |
| 701 | 1 | @a汉森@Ahan sen@g(Hansen, Bruce E.)@4著 |
| 702 | 0 | @a许岷@Axu min@4译 |
| 801 | 0 | @aCN@c20250909 |
| 905 | @a河南城建学院图书馆@dO21@eH114@f1 | |
| 概率与统计:面向经济学/(美) 布鲁斯·E. 汉森著= Probability and statistics for economists/Bruce E. Hansen/许岷译.-北京:机械工业出版社,2025.01 |
| XV, 421页:图;24cm.-(现代统计学丛书) |
| CMP BOOKS |
| ISBN 978-7-111-76458-8:CNY99.00 |
| 本书中涵盖了经济学进阶课程所需的几乎所有核心内容, 可为深入学习计量经济学奠定基础。第1-5章介绍概率论, 第6-18章介绍统计理论, 用到微积分, 但不涉及测度论。 |
| ● |
| 相关链接 |
|
|
|
正题名:概率与统计
索取号:O21/H114
 
预约/预借
| 序号 | 登录号 | 条形码 | 馆藏地/架位号 | 状态 | 备注 |
| 1 | 1625801 | 216258010 | 自科库401/401自科库 46排3列1层/ [索取号:O21/H114] | 在馆 |